[Event "DEM U12 2021"]
[Site "Willingen GER"]
[Date "2021.08.26"]
[Round "5"]
[White "Middendorf, Sven-Jonas"]
[Black "Fruth, David"]
[Result "0-1"]
[Termination "normal"]
[Board "18"]
[WhiteElo "1407"]
[BlackElo "1749"]
[WhiteClock "00:21:39"]
[BlackClock "01:00:27"]
[PlyCount "120"]
[WhiteFideId "16287207"]
[BlackFideId "16257596"]
[EventCountry "GER"]
[EventRounds "9"]
[EventType "swiss"]
[EventDate "2021.08.22"]

1. e4 {[%clk 01:30:55]} {[%emt 00:00:05]} c5 {[%clk 01:30:59]} {[%emt
00:00:02]} 2. Nf3 {[%clk 01:31:23]} {[%emt 00:00:02]} g6 {[%clk 01:31:28]} 3.
d4 {[%clk 01:31:46]} {[%emt 00:00:08]} cxd4 {[%clk 01:31:56]} {[%emt 00:00:02]}
4. Nxd4 {[%clk 01:32:15]} Bg7 {[%clk 01:32:25]} 5. Nc3 {[%clk 01:32:31]} {[%emt
00:00:14]} Nc6 {[%clk 01:32:53]} {[%emt 00:00:02]} 6. Be3 {[%clk 01:32:57]}
{[%emt 00:00:05]} Nf6 {[%clk 01:33:21]} {[%emt 00:00:02]} 7. Bc4 {[%clk
01:33:22]} {[%emt 00:00:04]} O-O {[%clk 01:33:41]} {[%emt 00:00:10]} 8. Bb3
{[%clk 01:33:50]} {[%emt 00:00:03]} Re8 {[%clk 01:34:04]} {[%emt 00:00:07]} 9.
Qd2 {[%clk 01:28:14]} {[%emt 00:06:05]} d6 {[%clk 01:32:17]} {[%emt 00:02:18]}
10. f3 {[%clk 01:26:29]} {[%emt 00:02:15]} Na5 {[%clk 01:32:11]} {[%emt
00:00:35]} 11. O-O-O {[%clk 01:25:23]} {[%emt 00:01:37]} a6 {[%clk 01:30:44]}
{[%emt 00:01:57]} 12. Kb1 {[%clk 01:21:29]} {[%emt 00:04:23]} Bd7 {[%clk
01:30:03]} {[%emt 00:01:11]} 13. h4 {[%clk 01:18:30]} {[%emt 00:03:29]} b5
{[%clk 01:30:11]} {[%emt 00:00:22]} 14. g4 {[%clk 01:17:51]} {[%emt 00:01:09]}
h5 {[%clk 01:30:17]} {[%emt 00:00:24]} 15. gxh5 {[%clk 01:07:59]} {[%emt
00:10:22]} Nxh5 {[%clk 01:30:43]} {[%emt 00:00:04]} 16. Bh6 {[%clk 01:07:23]}
{[%emt 00:01:06]} Rb8 {[%clk 01:29:09]} {[%emt 00:02:04]} 17. Qg5 {[%clk
00:58:48]} {[%emt 00:09:05]} Nxb3 {[%clk 01:22:55]} {[%emt 00:06:45]} 18. cxb3
{[%clk 00:54:29]} {[%emt 00:04:49]} Be5 {[%clk 01:06:34]} {[%emt 00:16:50]} 19.
Nde2 {[%clk 00:43:25]} {[%emt 00:11:34]} Kh7 {[%clk 01:06:46]} {[%emt
00:00:17]} 20. Qd2 {[%clk 00:42:52]} {[%emt 00:01:03]} e6 {[%clk 01:04:49]}
{[%emt 00:02:27]} 21. Bf4 {[%clk 00:36:37]} {[%emt 00:06:46]} Nxf4 {[%clk
01:00:05]} {[%emt 00:05:14]} 22. Nxf4 {[%clk 00:36:39]} {[%emt 00:00:28]} b4
{[%clk 01:00:06]} {[%emt 00:00:29]} 23. Nce2 {[%clk 00:34:13]} {[%emt
00:02:57]} Bb5 {[%clk 00:59:34]} {[%emt 00:00:57]} 24. Rde1 {[%clk 00:27:58]}
{[%emt 00:06:49]} Qf6 {[%clk 00:58:49]} {[%emt 00:01:13]} 25. h5 {[%clk
00:23:22]} {[%emt 00:05:08]} g5 {[%clk 00:58:21]} {[%emt 00:00:58]} 26. Nh3
{[%clk 00:22:10]} {[%emt 00:01:42]} Kh6 {[%clk 00:56:25]} {[%emt 00:02:26]} 27.
Qxg5+ {[%clk 00:18:43]} {[%emt 00:03:56]} Qxg5 {[%clk 00:56:36]} {[%emt
00:00:19]} 28. Nxg5 {[%clk 00:19:01]} {[%emt 00:00:12]} Kxg5 {[%clk 00:54:34]}
{[%emt 00:02:33]} 29. f4+ {[%clk 00:19:17]} {[%emt 00:00:14]} Bxf4 {[%clk
00:54:18]} {[%emt 00:00:45]} 30. Reg1+ {[%clk 00:19:03]} {[%emt 00:00:44]} Kh6
{[%clk 00:53:59]} {[%emt 00:00:46]} 31. Nxf4 {[%clk 00:19:15]} {[%emt
00:00:22]} e5 {[%clk 00:54:15]} {[%emt 00:00:14]} 32. Nh3 {[%clk 00:15:35]}
{[%emt 00:04:10]} Bd3+ {[%clk 00:54:40]} {[%emt 00:00:05]} 33. Ka1 {[%clk
00:15:59]} {[%emt 00:00:06]} Bxe4 {[%clk 00:55:04]} {[%emt 00:00:05]} 34. Rh2
{[%clk 00:16:09]} {[%emt 00:00:21]} Rg8 {[%clk 00:55:20]} {[%emt 00:00:13]} 35.
Rxg8 {[%clk 00:16:05]} {[%emt 00:00:35]} Rxg8 {[%clk 00:55:35]} {[%emt
00:00:14]} 36. a3 {[%clk 00:15:04]} {[%emt 00:01:33]} Rg2 {[%clk 00:55:49]}
{[%emt 00:00:14]} 37. Rxg2 {[%clk 00:14:55]} {[%emt 00:00:40]} Bxg2 {[%clk
00:56:14]} {[%emt 00:00:04]} 38. Nf2 {[%clk 00:15:21]} {[%emt 00:00:05]} Kxh5
{[%clk 00:56:30]} {[%emt 00:00:14]} 39. Kb1 {[%clk 00:15:26]} {[%emt 00:00:25]}
f5 {[%clk 00:56:47]} {[%emt 00:00:13]} 40. Kc1 {[%clk 00:15:45]} {[%emt
00:00:10]} f4 {[%clk 00:56:25]} {[%emt 00:00:53]} 41. Nd3 {[%clk 00:15:54]}
{[%emt 00:00:21]} bxa3 {[%clk 00:56:38]} {[%emt 00:00:17]} 42. bxa3 {[%clk
00:16:19]} {[%emt 00:00:05]} Bf1 {[%clk 00:56:54]} {[%emt 00:00:14]} 43. Ne1
{[%clk 00:16:29]} {[%emt 00:00:20]} e4 {[%clk 00:57:12]} {[%emt 00:00:12]} 44.
Kd2 {[%clk 00:16:33]} {[%emt 00:00:25]} Kg4 {[%clk 00:57:13]} {[%emt 00:00:30]}
45. Nc2 {[%clk 00:16:29]} {[%emt 00:00:34]} d5 {[%clk 00:57:19]} {[%emt
00:00:23]} 46. Nd4 {[%clk 00:16:52]} {[%emt 00:00:08]} Kg3 {[%clk 00:57:13]}
{[%emt 00:00:32]} 47. b4 {[%clk 00:17:16]} {[%emt 00:00:10]} Kf2 {[%clk
00:57:30]} {[%emt 00:00:13]} 48. a4 {[%clk 00:17:36]} {[%emt 00:00:11]} e3+
{[%clk 00:57:54]} {[%emt 00:00:05]} 49. Kd1 {[%clk 00:17:37]} {[%emt 00:00:29]}
e2+ {[%clk 00:57:57]} {[%emt 00:00:27]} 50. Nxe2 {[%clk 00:17:58]} {[%emt
00:00:09]} Bxe2+ {[%clk 00:58:25]} {[%emt 00:00:02]} 51. Kd2 {[%clk 00:18:27]}
{[%emt 00:00:01]} f3 {[%clk 00:58:27]} {[%emt 00:00:28]} 52. b5 {[%clk
00:18:49]} {[%emt 00:00:08]} axb5 {[%clk 00:58:51]} {[%emt 00:00:05]} 53. axb5
{[%clk 00:19:16]} {[%emt 00:00:04]} Bxb5 {[%clk 00:59:19]} {[%emt 00:00:02]}
54. Kc1 {[%clk 00:19:34]} {[%emt 00:00:13]} Ke3 {[%clk 00:59:43]} {[%emt
00:00:05]} 55. Kb2 {[%clk 00:19:55]} {[%emt 00:00:09]} f2 {[%clk 01:00:11]}
{[%emt 00:00:02]} 56. Ka2 {[%clk 00:20:17]} {[%emt 00:00:08]} f1=Q {[%clk
01:00:37]} {[%emt 00:00:04]} 57. Kb2 {[%clk 00:20:41]} {[%emt 00:00:07]} Qd3
{[%clk 01:00:02]} {[%emt 00:01:04]} 58. Kc1 {[%clk 00:20:55]} {[%emt 00:00:15]}
Qd2+ {[%clk 01:00:01]} {[%emt 00:00:32]} 59. Kb1 {[%clk 00:21:17]} {[%emt
00:00:08]} Bc4 {[%clk 01:00:29]} {[%emt 00:00:02]} 60. Ka1 {[%clk 00:21:39]}
{[%emt 00:00:08]} Qa2# {[%clk 01:00:27]} 0-1

[Event "DEM U12 2021"]
[Site "Willingen GER"]
[Date "2021.08.26"]
[Round "5"]
[White "Lu, Yunong Elias"]
[Black "Jumah, Shayan"]
[Result "1-0"]
[Termination "normal"]
[Board "20"]
[WhiteElo "1557"]
[BlackElo "1275"]
[WhiteClock "00:51:49"]
[BlackClock "00:18:11"]
[PlyCount "81"]
[WhiteFideId "16276426"]
[BlackFideId "16281888"]
[EventCountry "GER"]
[EventRounds "9"]
[EventType "swiss"]
[EventDate "2021.08.22"]

1. e4 {[%clk 01:30:57]} {[%emt 00:00:03]} e6 {[%clk 01:30:54]} {[%emt
00:00:06]} 2. d4 {[%clk 01:31:10]} {[%emt 00:00:17]} d5 {[%clk 01:31:21]}
{[%emt 00:00:03]} 3. Nd2 {[%clk 01:31:35]} {[%emt 00:00:05]} Nf6 {[%clk
01:31:42]} {[%emt 00:00:09]} 4. e5 {[%clk 01:31:27]} {[%emt 00:00:36]} Nfd7
{[%clk 01:32:05]} {[%emt 00:00:10]} 5. Bd3 {[%clk 01:31:42]} {[%emt 00:00:15]}
c5 {[%clk 01:32:23]} {[%emt 00:00:12]} 6. c3 {[%clk 01:31:50]} {[%emt
00:00:20]} Nc6 {[%clk 01:32:44]} {[%emt 00:00:10]} 7. Ne2 {[%clk 01:31:36]}
{[%emt 00:00:43]} Be7 {[%clk 01:32:14]} {[%emt 00:01:01]} 8. O-O {[%clk
01:30:57]} {[%emt 00:01:07]} O-O {[%clk 01:30:33]} {[%emt 00:02:12]} 9. f4
{[%clk 01:28:29]} {[%emt 00:02:59]} cxd4 {[%clk 01:27:27]} {[%emt 00:03:36]}
10. cxd4 {[%clk 01:28:34]} {[%emt 00:00:23]} a6 {[%clk 01:20:01]} {[%emt
00:07:59]} 11. a3 {[%clk 01:25:42]} {[%emt 00:03:22]} b5 {[%clk 01:19:53]}
{[%emt 00:00:38]} 12. b4 {[%clk 01:25:10]} {[%emt 00:01:02]} Nb6 {[%clk
01:16:56]} {[%emt 00:03:26]} 13. Kh1 {[%clk 01:24:20]} {[%emt 00:01:20]} Nc4
{[%clk 01:16:18]} {[%emt 00:01:08]} 14. Nf3 {[%clk 01:21:42]} {[%emt 00:03:08]}
h6 {[%clk 01:12:59]} {[%emt 00:03:49]} 15. Rg1 {[%clk 01:21:07]} {[%emt
00:01:05]} f5 {[%clk 01:05:16]} {[%emt 00:08:13]} 16. g4 {[%clk 01:19:56]}
{[%emt 00:01:40]} fxg4 {[%clk 01:05:11]} {[%emt 00:00:36]} 17. Rxg4 {[%clk
01:20:10]} {[%emt 00:00:15]} Kh8 {[%clk 01:05:27]} {[%emt 00:00:14]} 18. Rxg7
{[%clk 01:11:10]} {[%emt 00:09:34]} Kxg7 {[%clk 01:01:40]} {[%emt 00:04:14]}
19. Qg1+ {[%clk 01:11:37]} {[%emt 00:00:03]} Bg5 {[%clk 01:01:58]} {[%emt
00:00:13]} 20. fxg5 {[%clk 01:11:58]} {[%emt 00:00:08]} h5 {[%clk 00:58:35]}
{[%emt 00:03:53]} 21. Nf4 {[%clk 01:00:42]} {[%emt 00:11:46]} Ra7 {[%clk
00:50:29]} {[%emt 00:08:36]} 22. Nxh5+ {[%clk 01:00:41]} {[%emt 00:00:31]} Kg8
{[%clk 00:43:35]} {[%emt 00:07:24]} 23. Nf6+ {[%clk 01:00:59]} {[%emt
00:00:12]} Kg7 {[%clk 00:43:58]} {[%emt 00:00:07]} 24. h4 {[%clk 00:58:27]}
{[%emt 00:03:02]} Ne7 {[%clk 00:40:45]} {[%emt 00:03:43]} 25. h5 {[%clk
00:58:28]} {[%emt 00:00:30]} Ng8 {[%clk 00:40:54]} {[%emt 00:00:19]} 26. h6+
{[%clk 00:58:22]} {[%emt 00:00:37]} Kh8 {[%clk 00:33:28]} {[%emt 00:07:56]} 27.
g6 {[%clk 00:57:54]} {[%emt 00:00:59]} Nxf6 {[%clk 00:29:00]} {[%emt 00:04:57]}
28. g7+ {[%clk 00:57:43]} {[%emt 00:00:41]} Kg8 {[%clk 00:29:12]} {[%emt
00:00:17]} 29. gxf8=Q+ {[%clk 00:58:01]} {[%emt 00:00:13]} Kxf8 {[%clk
00:29:26]} {[%emt 00:00:16]} 30. exf6 {[%clk 00:57:52]} {[%emt 00:00:39]} Qxf6
{[%clk 00:29:22]} {[%emt 00:00:34]} 31. Qg3 {[%clk 00:56:57]} {[%emt 00:01:24]}
Rf7 {[%clk 00:28:28]} {[%emt 00:01:26]} 32. h7 {[%clk 00:55:26]} {[%emt
00:02:01]} Ke8 {[%clk 00:26:58]} {[%emt 00:01:59]} 33. Bg6 {[%clk 00:53:52]}
{[%emt 00:02:04]} Kd7 {[%clk 00:25:43]} {[%emt 00:01:46]} 34. Bxf7 {[%clk
00:54:15]} {[%emt 00:00:06]} Bb7 {[%clk 00:24:06]} {[%emt 00:02:07]} 35. Bg5
{[%clk 00:53:38]} {[%emt 00:01:06]} Qg7 {[%clk 00:23:45]} {[%emt 00:00:51]} 36.
Bxe6+ {[%clk 00:52:47]} {[%emt 00:01:21]} Kxe6 {[%clk 00:23:32]} {[%emt
00:00:44]} 37. Qh3+ {[%clk 00:53:04]} {[%emt 00:00:13]} Kf7 {[%clk 00:17:17]}
{[%emt 00:06:44]} 38. Qf5+ {[%clk 00:52:03]} {[%emt 00:01:32]} Ke8 {[%clk
00:17:37]} {[%emt 00:00:10]} 39. Qe6+ {[%clk 00:52:29]} {[%emt 00:00:05]} Kf8
{[%clk 00:17:55]} {[%emt 00:00:12]} 40. Be7+ {[%clk 00:51:58]} {[%emt
00:01:01]} Qxe7 {[%clk 00:18:11]} {[%emt 00:00:13]} 41. h8=Q# {[%clk 00:51:49]}
{[%emt 00:00:08]} 1-0

[Event "DEM U12 2021"]
[Site "Willingen GER"]
[Date "2021.08.26"]
[Round "5"]
[White "Kuhlmann, Nils Magnus"]
[Black "Kullmann, Theo"]
[Result "1-0"]
[Termination "normal"]
[Board "21"]
[WhiteElo "1224"]
[BlackElo "1590"]
[WhiteClock "00:25:57"]
[BlackClock "00:01:34"]
[PlyCount "71"]
[WhiteFideId "16287177"]
[BlackFideId "16218582"]
[EventCountry "GER"]
[EventRounds "9"]
[EventType "swiss"]
[EventDate "2021.08.22"]

1. e4 {[%clk 01:30:58]} {[%emt 00:00:03]} e5 {[%clk 01:30:53]} {[%emt
00:00:07]} 2. Nf3 {[%clk 01:31:24]} {[%emt 00:00:04]} d6 {[%clk 01:31:17]}
{[%emt 00:00:05]} 3. d4 {[%clk 01:31:50]} {[%emt 00:00:05]} exd4 {[%clk
01:31:41]} {[%emt 00:00:05]} 4. Nxd4 {[%clk 01:32:17]} {[%emt 00:00:04]} Nf6
{[%clk 01:31:58]} {[%emt 00:00:12]} 5. Nc3 {[%clk 01:32:37]} {[%emt 00:00:11]}
Be7 {[%clk 01:32:20]} {[%emt 00:00:09]} 6. Bf4 {[%clk 01:32:47]} {[%emt
00:00:20]} O-O {[%clk 01:30:21]} {[%emt 00:02:28]} 7. Qd2 {[%clk 01:33:13]}
{[%emt 00:00:05]} Re8 {[%clk 01:29:35]} {[%emt 00:01:15]} 8. O-O-O {[%clk
01:32:00]} {[%emt 00:01:42]} a6 {[%clk 01:14:04]} {[%emt 00:16:02]} 9. f3
{[%clk 01:29:55]} {[%emt 00:02:35]} b5 {[%clk 01:06:04]} {[%emt 00:08:30]} 10.
g4 {[%clk 01:16:32]} {[%emt 00:13:53]} h6 {[%clk 00:59:59]} {[%emt 00:06:35]}
11. h4 {[%clk 01:15:49]} {[%emt 00:01:14]} Nh7 {[%clk 00:59:58]} {[%emt
00:00:30]} 12. Nd5 {[%clk 01:13:59]} {[%emt 00:02:20]} Be6 {[%clk 00:46:13]}
{[%emt 00:14:14]} 13. Nxe6 {[%clk 01:05:49]} {[%emt 00:08:41]} fxe6 {[%clk
00:46:32]} {[%emt 00:00:10]} 14. Nxe7+ {[%clk 01:05:51]} {[%emt 00:00:29]} Qxe7
{[%clk 00:45:00]} {[%emt 00:02:01]} 15. g5 {[%clk 01:05:41]} {[%emt 00:00:41]}
h5 {[%clk 00:45:01]} {[%emt 00:00:29]} 16. Be2 {[%clk 01:03:56]} {[%emt
00:02:15]} g6 {[%clk 00:43:32]} {[%emt 00:01:58]} 17. Qd3 {[%clk 01:03:22]}
{[%emt 00:01:05]} Nf8 {[%clk 00:40:18]} {[%emt 00:03:44]} 18. Bg3 {[%clk
01:00:20]} {[%emt 00:03:31]} Nfd7 {[%clk 00:33:46]} {[%emt 00:07:02]} 19. e5
{[%clk 00:59:28]} {[%emt 00:01:23]} Qf7 {[%clk 00:29:36]} {[%emt 00:04:40]} 20.
exd6 {[%clk 00:59:16]} {[%emt 00:00:42]} cxd6 {[%clk 00:29:52]} {[%emt
00:00:13]} 21. Bxd6 {[%clk 00:57:46]} {[%emt 00:02:01]} Nc6 {[%clk 00:28:06]}
{[%emt 00:02:16]} 22. Bg3 {[%clk 00:56:36]} {[%emt 00:01:39]} Nb6 {[%clk
00:26:57]} {[%emt 00:01:40]} 23. Qe4 {[%clk 00:51:12]} {[%emt 00:05:54]} Nd5
{[%clk 00:20:30]} {[%emt 00:06:58]} 24. Bd3 {[%clk 00:49:29]} {[%emt 00:02:12]}
Kh7 {[%clk 00:19:29]} {[%emt 00:01:30]} 25. Rhe1 {[%clk 00:48:02]} {[%emt
00:01:59]} Rac8 {[%clk 00:16:54]} {[%emt 00:03:03]} 26. a4 {[%emt 00:07:39]}
Ncb4 {[%clk 00:07:07]} {[%emt 00:10:17]} 27. axb5 {[%clk 00:40:32]} {[%emt
00:00:52]} Nxd3+ {[%clk 00:07:13]} {[%emt 00:00:24]} 28. Rxd3 {[%clk 00:39:48]}
{[%emt 00:01:14]} axb5 {[%clk 00:07:06]} {[%emt 00:00:37]} 29. Rb3 {[%clk
00:39:08]} {[%emt 00:01:10]} Rc4 {[%clk 00:04:11]} {[%emt 00:03:24]} 30. Qd3
{[%clk 00:37:17]} {[%emt 00:02:21]} Nb4 {[%clk 00:03:42]} {[%emt 00:01:00]} 31.
Rxb4 {[%clk 00:27:56]} {[%emt 00:09:52]} Rxb4 {[%clk 00:04:00]} {[%emt
00:00:10]} 32. b3 {[%clk 00:28:18]} {[%emt 00:00:09]} Qa7 {[%clk 00:02:36]}
{[%emt 00:01:53]} 33. Be5 {[%clk 00:27:30]} {[%emt 00:01:19]} Rxh4 {[%clk
00:02:34]} {[%emt 00:00:31]} 34. Qxb5 {[%clk 00:26:24]} {[%emt 00:01:37]} Qf7
{[%clk 00:01:51]} {[%emt 00:01:12]} 35. f4 {[%clk 00:25:57]} {[%emt 00:00:58]}
Rc8 {[%clk 00:01:34]} {[%emt 00:00:47]} 36. Rd1 {[%emt 00:02:34]} 1-0

[Event "DEM U12 2021"]
[Site "Willingen GER"]
[Date "2021.08.26"]
[Round "5"]
[White "Wolff, Calvin"]
[Black "Birkenheier, Nicolas"]
[Result "1-0"]
[Termination "normal"]
[Board "22"]
[WhiteElo "1368"]
[BlackElo "1293"]
[WhiteClock "00:41:33"]
[BlackClock "00:46:19"]
[PlyCount "49"]
[WhiteFideId "16269969"]
[BlackFideId "16287100"]
[EventCountry "GER"]
[EventRounds "9"]
[EventType "swiss"]
[EventDate "2021.08.22"]

1. e4 {[%clk 01:30:46]} {[%emt 00:00:14]} e5 {[%clk 01:30:31]} {[%emt
00:00:29]} 2. Nf3 {[%clk 01:30:49]} {[%emt 00:00:27]} Nc6 {[%clk 01:30:34]}
{[%emt 00:00:27]} 3. Bc4 {[%clk 01:30:41]} {[%emt 00:00:38]} Bc5 {[%clk
01:30:17]} {[%emt 00:00:47]} 4. c3 {[%clk 01:30:53]} {[%emt 00:00:19]} Nf6
{[%clk 01:29:37]} {[%emt 00:01:09]} 5. d4 {[%clk 01:30:59]} {[%emt 00:00:24]}
exd4 {[%clk 01:29:10]} {[%emt 00:00:57]} 6. cxd4 {[%clk 01:31:11]} {[%emt
00:00:19]} Bb4+ {[%clk 01:29:08]} {[%emt 00:00:32]} 7. Kf1 {[%clk 01:30:27]}
{[%emt 00:01:13]} Nxe4 {[%clk 01:26:44]} {[%emt 00:02:54]} 8. d5 {[%clk
01:29:52]} {[%emt 00:01:06]} Na5 {[%clk 01:25:08]} {[%emt 00:02:06]} 9. Qd4
{[%clk 01:28:54]} {[%emt 00:01:27]} Nf6 {[%clk 01:23:55]} {[%emt 00:01:43]} 10.
Bd3 {[%clk 01:27:51]} {[%emt 00:01:34]} Be7 {[%clk 01:19:47]} {[%emt 00:04:38]}
11. b4 {[%clk 01:25:25]} {[%emt 00:02:56]} Bxb4 {[%clk 01:13:54]} {[%emt
00:06:22]} 12. Qxb4 {[%clk 01:25:03]} {[%emt 00:00:53]} b6 {[%clk 01:13:08]}
{[%emt 00:01:15]} 13. Ba3 {[%clk 01:16:57]} {[%emt 00:08:37]} d6 {[%clk
01:11:35]} {[%emt 00:02:03]} 14. Nc3 {[%clk 01:03:41]} {[%emt 00:13:45]} O-O
{[%clk 01:10:41]} {[%emt 00:01:24]} 15. Qh4 {[%clk 01:03:22]} {[%emt 00:00:49]}
h6 {[%clk 01:08:52]} {[%emt 00:02:18]} 16. Bb2 {[%clk 00:59:36]} {[%emt
00:04:16]} Nh7 {[%clk 01:05:06]} {[%emt 00:04:17]} 17. Qg3 {[%clk 00:57:32]}
{[%emt 00:02:34]} Kh8 {[%clk 01:03:01]} {[%emt 00:02:34]} 18. h4 {[%clk
00:50:43]} {[%emt 00:07:21]} Nb7 {[%clk 00:57:18]} {[%emt 00:06:12]} 19. Ng5
{[%clk 00:48:03]} {[%emt 00:03:11]} Nf6 {[%clk 00:53:54]} {[%emt 00:03:53]} 20.
Nce4 {[%clk 00:45:42]} {[%emt 00:02:51]} Bf5 {[%clk 00:51:12]} {[%emt
00:03:12]} 21. Nxf6 {[%clk 00:43:06]} {[%emt 00:03:06]} gxf6 {[%clk 00:50:38]}
{[%emt 00:01:04]} 22. Bxf5 {[%clk 00:43:16]} {[%emt 00:00:19]} Nc5 {[%clk
00:48:48]} {[%emt 00:02:21]} 23. Re1 {[%clk 00:41:25]} {[%emt 00:02:21]} h5
{[%clk 00:46:58]} {[%emt 00:02:20]} 24. Re8 {[%clk 00:41:20]} {[%emt 00:00:35]}
Rxe8 {[%clk 00:46:19]} {[%emt 00:01:08]} 25. Nxf7# {[%clk 00:41:33]} {[%emt
00:00:18]} 1-0

[Event "DEM U12 2021"]
[Site "Willingen GER"]
[Date "2021.08.26"]
[Round "5"]
[White "Meng, Yuxuan"]
[Black "Kullmann, Max"]
[Result "0-1"]
[Termination "normal"]
[Board "23"]
[WhiteElo "1495"]
[BlackElo "1411"]
[WhiteClock "00:07:33"]
[BlackClock "00:11:51"]
[PlyCount "60"]
[WhiteFideId "16258231"]
[BlackFideId "16218574"]
[EventCountry "GER"]
[EventRounds "9"]
[EventType "swiss"]
[EventDate "2021.08.22"]

1. e4 {[%clk 01:30:58]} {[%emt 00:00:02]} d5 {[%clk 01:30:55]} {[%emt
00:00:04]} 2. exd5 {[%emt 00:00:07]} Qxd5 {[%clk 01:31:19]} {[%emt 00:00:04]}
3. Nc3 {[%clk 01:31:48]} {[%emt 00:00:06]} Qa5 {[%clk 01:31:33]} {[%emt
00:00:16]} 4. d4 {[%clk 01:32:08]} {[%emt 00:00:10]} c6 {[%clk 01:31:55]}
{[%emt 00:00:07]} 5. Bd2 {[%clk 01:32:32]} {[%emt 00:00:07]} Bf5 {[%clk
01:28:01]} {[%emt 00:04:23]} 6. Bc4 {[%clk 01:31:58]} {[%emt 00:01:04]} e6
{[%clk 01:23:17]} {[%emt 00:05:14]} 7. Nf3 {[%clk 01:31:46]} {[%emt 00:00:43]}
Nf6 {[%clk 01:22:52]} {[%emt 00:00:54]} 8. Nd5 {[%clk 01:31:31]} {[%emt
00:00:45]} Qd8 {[%clk 01:23:03]} {[%emt 00:00:19]} 9. Nxf6+ {[%clk 01:31:53]}
{[%emt 00:00:08]} gxf6 {[%clk 01:23:15]} {[%emt 00:00:18]} 10. Bf4 {[%clk
01:24:38]} {[%emt 00:07:46]} Bd6 {[%clk 01:22:01]} {[%emt 00:01:43]} 11. Bg3
{[%clk 01:23:17]} {[%emt 00:01:51]} Qc7 {[%clk 01:20:54]} {[%emt 00:01:37]} 12.
Bd3 {[%clk 01:20:01]} {[%emt 00:03:47]} Bg6 {[%clk 01:19:07]} {[%emt 00:02:16]}
13. Qe2 {[%clk 01:15:20]} {[%emt 00:05:11]} Nd7 {[%clk 01:17:44]} {[%emt
00:01:53]} 14. O-O {[%clk 01:09:45]} {[%emt 00:06:04]} Bxg3 {[%clk 01:12:33]}
{[%emt 00:05:42]} 15. fxg3 {[%clk 01:09:10]} {[%emt 00:01:05]} O-O-O {[%clk
01:05:17]} {[%emt 00:07:45]} 16. c4 {[%clk 01:03:40]} {[%emt 00:06:01]} Nb6
{[%clk 00:58:59]} {[%emt 00:06:48]} 17. a4 {[%clk 00:57:32]} {[%emt 00:06:37]}
a5 {[%clk 00:41:12]} {[%emt 00:18:17]} 18. Bxg6 {[%clk 00:44:51]} {[%emt
00:13:12]} hxg6 {[%clk 00:40:43]} {[%emt 00:00:58]} 19. b4 {[%clk 00:41:37]}
{[%emt 00:03:45]} Nd7 {[%clk 00:33:00]} {[%emt 00:08:13]} 20. c5 {[%clk
00:36:26]} {[%emt 00:05:40]} axb4 {[%clk 00:31:50]} {[%emt 00:01:40]} 21. a5
{[%clk 00:36:11]} {[%emt 00:00:45]} Nb8 {[%clk 00:31:20]} {[%emt 00:01:00]} 22.
Rfb1 {[%clk 00:35:32]} {[%emt 00:01:09]} Na6 {[%clk 00:30:59]} {[%emt
00:00:50]} 23. Qe3 {[%clk 00:27:54]} {[%emt 00:08:09]} Qd7 {[%clk 00:19:36]}
{[%emt 00:11:53]} 24. Qe4 {[%clk 00:22:30]} {[%emt 00:05:54]} Qd5 {[%clk
00:15:07]} {[%emt 00:04:59]} 25. Qxd5 {[%clk 00:21:53]} {[%emt 00:01:08]} Rxd5
{[%clk 00:15:23]} {[%emt 00:00:13]} 26. Rd1 {[%clk 00:15:48]} {[%emt 00:06:34]}
Rhd8 {[%clk 00:14:38]} {[%emt 00:01:15]} 27. Rd2 {[%clk 00:09:16]} {[%emt
00:07:03]} Nxc5 {[%clk 00:12:17]} {[%emt 00:02:51]} 28. Rad1 {[%clk 00:08:21]}
{[%emt 00:01:25]} Nb3 {[%clk 00:11:31]} {[%emt 00:01:16]} 29. Rb2 {[%clk
00:07:44]} {[%emt 00:01:07]} Nxd4 {[%clk 00:11:41]} {[%emt 00:00:20]} 30. Rxb4
{[%clk 00:07:33]} {[%emt 00:00:41]} Nxf3+ {[%clk 00:11:51]} {[%emt 00:00:20]}
0-1